Library Catalog

The Standardization of demoralization procedures / (Record no. 492954)

MARC details
000 -LEADER
fixed length control field 01422nam a22002177a 4500
003 - CONTROL NUMBER IDENTIFIER
control field OSt
005 - DATE AND TIME OF LATEST TRANSACTION
control field 20260602123033.0
008 - FIXED-LENGTH DATA ELEMENTS--GENERAL INFORMATION
fixed length control field 260602b |||||||| |||| 00| 0 eng d
020 ## - INTERNATIONAL STANDARD BOOK NUMBER
International Standard Book Number 9781529403619
040 ## - CATALOGING SOURCE
Original cataloging agency Kenya National Library Service
082 ## - DEWEY DECIMAL CLASSIFICATION NUMBER
Classification number 813.6 HOF
100 ## - MAIN ENTRY--PERSONAL NAME
Personal name Hofmann, Jennifer
245 ## - TITLE STATEMENT
Title The Standardization of demoralization procedures /
Statement of responsibility, etc. Jennifer Hofmann.
300 ## - PHYSICAL DESCRIPTION
Extent 258 pages :
Dimensions 20 cm.
520 ## - SUMMARY, ETC.
Summary, etc. "On November 9, 1989, Bernd Zeiger, a Stasi officer in the twilight of his career, is deteriorating from a mysterious illness. Alarmed by the disappearance of Lara, a young waitress at his regular café with whom he is obsessed, he chases a series of clues throughout Berlin. The details of Lara's vanishing trigger flashbacks to his entanglement with Johannes Held, a physicist who, twenty-five years earlier, infiltrated an American research institute dedicated to weaponizing the paranormal. Now, on the day the Berlin Wall falls and Zeiger's mind begins to crumble, his past transgressions have come back to haunt him. Who is the real Lara, what happened to her, and what is her connection to these events? As the surveiller becomes the surveilled, the mystery is both solved and deepened, with unexpected consequences".
650 ## - SUBJECT ADDED ENTRY--TOPICAL TERM
Topical term or geographic name entry element Satire
Form subdivision Fiction.
650 ## - SUBJECT ADDED ENTRY--TOPICAL TERM
Topical term or geographic name entry element Suspense
Form subdivision Fiction.
942 ## - ADDED ENTRY ELEMENTS (KOHA)
Source of classification or shelving scheme Dewey Decimal Classification
Koha item type Books
Suppress in OPAC No
Holdings
Withdrawn status Source of classification or shelving scheme Damaged status Not for loan Home library Current library Date acquired Source of acquisition Cost, normal purchase price Total checkouts Full call number Barcode Date last seen Price effective from Koha item type
  Dewey Decimal Classification     Buru Buru Library Acquisition, Cataloguing, Classification and Distribution Development 06/02/2026 BAI 1124.00   813.6 HOF B232301 06/02/2026 06/02/2026 Books

© 2025, Kenya National Library Service | Designed & Maintained by Uvumbuzi Center